Word Ladder: Can Zombies Talk? Quiz Stats

 Plays Quiz Updated Feb 21, 2012

Support Sporcle.
Go Orange.
Score 0/9 Timer 01:00
0 Plays Today
Clue 4-Letter Word % Correct
What vegetarians won't eatMEAT
99.2%
It can hold up your pantsBELT
98.1%
To liquify via heatMELT
96.6%
Ask not for whom this object tollsBELL
86.6%
Drink made by fermenting honey and waterMEAD
74.6%
Common description of giantsTALL
72%
Pirate saying: [Rung 1] men [Rung 7] no [Plural Rung 9]◊TELL◊
67.1%
Pirate saying: [Rung 1] men [Rung 7] no [Plural Rung 9]◊TALE◊
57.8%
Pirate saying: [Rung 1] men [Rung 7] no [Plural Rung 9]◊DEAD◊
56.7%

Today's Daily Dose

Missing Word
'80s Musicals

Word Ladder
Hereditary

Get the Picture
Food Names

From the Vault

Halloween Costume by Biography Title

by Pushcake

Holiday 4m
Just in case you needed some inspiration, here are some people with the same idea (if you take theirs).
Remove Ads.
Support Sporcle.
Get the best of Sporcle when you Go Orange. This ad-free experience offers more features, more stats, and more fun while also helping to support Sporcle. Thank you for becoming a member.

Show Comments

Extras

Top Quizzes Today


Score Distribution

Your Account Isn't Verified!

In order to create a playlist on Sporcle, you need to verify the email address you used during registration. Go to your Sporcle Settings to finish the process.

Report this User

Report this user for behavior that violates our Community Guidelines.

Details: